| 000 | 00516cam a22002171 4500 | ||
|---|---|---|---|
| 001 | he 67001789 | ||
| 003 | DLC | ||
| 005 | 20260227111450.0 | ||
| 008 | 910730s1963 xx ac 000 0 eng | ||
| 010 | _ahe 67001789 | ||
| 035 | _a(OCoLC)27793928 | ||
| 040 |
_aDLC _cNAlU _dDLC |
||
| 042 | _apremarc | ||
| 050 | 0 | 0 |
_aPJ5129.E62 _bI49 |
| 110 | 1 | _aEmiot, Israel. | |
| 245 | 1 | 0 | _aIn mitele yorn. |
| 260 | _c[1963] | ||
| 300 |
_a316 p. _billus., ports. _c24 cm. |
||
| 500 | _aRomanized. | ||
| 650 | 0 |
_aJews _zRussia. |
|
| 999 |
_c32644 _d32644 |
||